Applied linear algebra /

Guardado en:
Autor Principal: Noble, Ben.
Otros Autores: Daniel, James W.
Formato: Libro
Idioma:English
Publicado: Englewood Cliffs, NJ : Prentice-Hall, c1988.
Edición:3rd ed.
Materias:
Etiquetas: Agregar Etiqueta
Sin Etiquetas, Sea el primero en etiquetar este registro!
LEADER 00712pam a2200241 a 4500
001 MAT.inmabb006093
008 870408s1988####njua#####b####001#0#eng##
005 20150316194248.0
245 1 0 |a Applied linear algebra /  |c Ben Noble and James W. Daniel. 
250 |a 3rd ed. 
260 |a Englewood Cliffs, NJ :  |b Prentice-Hall,  |c c1988. 
300 |a xvi, 521 p. :  |b il. ;  |c 25 cm. 
504 |a Bibliografía: p. 502-504. 
500 |a Incluye índices. 
510 4 |a MR,  |c 58 #28016 
020 |a 0130412600 
100 1 |a Noble, Ben. 
700 1 |a Daniel, James W. 
650 0 |a Algebras, Linear. 
084 |a 15-01  |2 msc2000 
010 |a  87011511  
040 |a DLC  |c DLC  |d DLC 
859 |h 15  |i N747  |p A-6862  |b BIB. MATEMATICA